000 00313nam a2200109Ia 4500
008 220204s9999 xx 000 0 und d
082 _a006.045
_bVIR.3
100 _aVirendra Kumar
245 0 _aCommittees and commissions in India. V II and III. 1955-57 and 1947-73
260 _aDelhi
_bConcept
_c1973
942 _cBK
999 _c29128
_d29128